000
00332nam a2200121Ia 4500
008
190722s9999 xx 000 0 und d
020
_a
0-19-808913-9
100
_a
Adel.S.Sedra Kenneth
245
0
_a
Microelectronic Circuits theory and applications
260
_a
India
_b
Oxford university press
_c
2015
300
_a
1384
942
_c
BK
999
_c
831
_d
831